000 00775nam a22002532a 4500
001 35592
003 BD-RjUL
005 20211209052341.0
008 140528s1946 enk 000 0 eng d
035 _aOCLC ocm25398334 from D950725M
_a(BD-RjUL)35687
040 _aPAU
_cPAU
_dWSU
_dSER
_dBD-RjUL
082 _a901
_bEIH 1946
100 1 _aEinstein, Lewis
_d1877-1967.
_9108376
245 1 0 _aHistorical change /
_cby Lewis Einstein
260 _aCambridge :
_bCambridge University Press,
_c1946.
300 _a132 p. ;
_c18 cm
490 1 _aCurrent problems ;
_v27
650 0 _aHistory
_xPhilosophy
_9108377
650 0 _aChange
_9108378
830 0 _v27.
_9108381
830 0 _aCurrent problems (Cambridge (England)) ;
_9108382
942 _2ddc
_cBK
999 _c35592
_d35592